| 000 | 00434nab a2200145Ia 4500 | ||
|---|---|---|---|
| 003 | ES-SlBCS | ||
| 005 | 20210601130243.0 | ||
| 008 | 140529s1996 xxu||||| |||| 00| 0 fre d | ||
| 041 | _afre | ||
| 100 | 1 |
_aMorelle, Aquilino _953457 |
|
| 245 | 0 | 0 |
_aLes faiblesses de l'État sanitaire français _c Aquilino Morelle |
| 651 | 4 |
_aFrancia-Política Sanitaria _9170545 |
|
| 773 | 0 |
_tEsprit _gnº. 218, 1996, págs. 6-27 _wRev1438 |
|
| 942 | _cAR | ||
| 999 |
_c543605 _d543605 |
||